US Salernitana 1919 Squad 2021-2022 - Statistics

General Stats
  • This quiz has been taken 74 times
    55 since last reset
  • The average score is 21 of 44
Answer Stats
# Position Nation Player % Correct
18 MF Mali Lassana Coulibaly
89%
55 GK Italy Luigi Sepe
89%
2 MF Senegal Mamadou Coulibaly
89%
7 FW France Franck Ribéry
82%
11 FW Bosnia and Herzegovina Milan Đurić
79%
20 MF Chipre Grigoris Kastanos
76%
13 MF Brazil Éderson
74%
17 DF Argentina Federico Fazio
74%
- Coach Italy Davide Nicola
71%
9 FW Italy Federico Bonazzoli
71%
23 DF Slovakia Norbert Gyömbér
71%
72 GK Slovenia Vid Belec
71%
10 MF Italy Simone Verdi
68%
15 MF Norway Emil Bohinen
63%
25 DF Romania Radu Drăgușin
61%
30 DF Italy Pasquale Mazzocchi
55%
25 FW Nigeria Simy
55%
1 GK Italy Vincenzo Fiorillo
55%
- Coach Italy Fabrizio Castori
53%
- Coach Italy Stefano Colantuono
53%
88 FW Argentina Diego Perotti
50%
16 MF Serbia Ivan Radovanović
47%
99 FW France Lys Mousset
47%
87 FW Brazil Mikael
47%
3 DF Italy Matteo Ruggeri
45%
22 MF Nigeria Joel Obi
42%
19 DF Italy Luca Ranieri
42%
31 DF Sweden Riccardo Gagliolo
37%
24 DF Tunisia Wajdi Kechrida
37%
6 DF Norway Stefan Strandberg
34%
14 MF Italy Francesco Di Tacchio
26%
5 DF Albania Frédéric Veseli
26%
28 MF Italy Leonardo Capezzi
26%
26 DF Croatia Luka Bogdan
26%
4 DF Poland Paweł Jaroszyński
26%
8 MF Italy Andrea Schiavone
24%
15 FW Ivory Coast Cedric Gondo
24%
21 DF Italy Nadir Zortea
24%
33 DF Italy Filippo Delli Carri
18%
13 DF Italy Ramzi Aya
18%
63 FW Italy Edoardo Vergani
13%
12 GK Italy Antonio Russo
11%
22 GK Italy Guido Guerrieri
5%
16 FW Italy Sedrick Kalombo
0%
No matching quizzes found
Score Distribution
Percent of People with Each Score
Percentile by Number Answered
Your Score History
You have not taken this quiz since the last reset